000 00499nam a2200181Ia 4500
008 090124s9999 xx 000 0 und d
082 _b16078
100 _aकालेलकर मधुसूदन
245 _a आसावरी
250 _a1
260 _c1967
300 _a98
600 _aकालेलकर मधुसूदन
630 _a आसावरी
700 _aकालेलकर मधुसूदन
730 _a आसावरी
942 _cBOOK
999 _c130018
_d130018